The Alaskan mineral resource assessment program : background information to accompany folio of geologic and mineral resource maps of the Talkeetna quadrangle, Alaska /

Bibliographic Details
Corporate Author: Geological Survey (U.S.)
Other Authors: Reed, Bruce L., 1934-
Format: Government Document Book
Language:English
Published: [Reston, Va.] : Dept. of the Interior, Geological Survey, 1979.
Series:Geological Survey circular ; 775.
Subjects:

MARC

Tag First Indicator Second Indicator Subfields
LEADER 00000cam a22000008i 4500
001 in00000807721
005 20151017095510.0
008 781111s1978 cau b f00010 eng
010 |a gp 79015422  
010 |a  78021122  
020 |c pbk. 
035 |a (OCoLC)04495055 
035 |9 ADT2029AM 
037 |b Branch of Distribution, 1200 South Eads St., Arlington, Va. 22202 
040 |a DLC  |c DLC  |d GPO  |d UtOrBLW 
043 |a n-us-ak 
050 0 |a QE75  |b .C5 no. 775 
074 |a 620-A 
082 0 |a 557.3/08 s  |a 553/.09798/3 
086 |a I 19.4/2:775 
110 2 |a Geological Survey (U.S.) 
245 1 4 |a The Alaskan mineral resource assessment program :  |b background information to accompany folio of geologic and mineral resource maps of the Talkeetna quadrangle, Alaska /  |c by Bruce L. Reed [and others]. 
264 1 |a [Reston, Va.] :  |b Dept. of the Interior, Geological Survey,  |c 1979. 
300 |a iii, 17 pages :  |b illustrations, maps ;  |c 26 cm. 
336 |a text  |b txt  |2 rdacontent 
337 |a unmediated  |b n  |2 rdamedia 
338 |a volume  |b nc  |2 rdacarrier 
490 1 |a Geological Survey circular ; 775 
504 |a Bibliography: pages 13-17. 
650 0 |a Mines and mineral resources  |z Alaska. 
650 0 |a Geology  |z Alaska. 
700 1 |a Reed, Bruce L.,  |d 1934- 
830 0 |a Geological Survey circular ;  |v 775. 
999 |a MARS 
999 f f |s 68bf7021-0d5a-3274-8507-6441958d74e5  |i 2fe686ae-3ec8-3180-bab9-4039057c8d4f  |t 0 
952 f f |p normal  |a Texas A&M University  |b College Station  |c Sterling C. Evans Library  |d Evans: US Documents (Annex 5th floor)  |t 0  |e I 19.4/2:770-779  |h Superintendent of Documents classification  |i unmediated -- volume  |k 770-779  |m A14838431575 
952 f f |a Texas A&M University  |b College Station  |c Sterling C. Evans Library  |d Evans: US Documents (Annex 5th floor)  |t 0  |e I 19.4/2:770-779  |h Superintendent of Documents classification 
998 f f |a I 19.4/2:770-779  |t 0  |l Evans: US Documents (Annex 5th floor)